Dates d’adhésion des états des États Unis - Statistiques

Statistiques générales
  • Ce quiz a été pris 21 fois
  • Le résultat moyen est 39 sur 50
Statistiques - réponses
Dates États % Correct
03.01.1959 Alaska
100%
30.04.1812 Louisiane
100%
21.08.1959 Hawaï
95%
26.07.1788 New York
95%
29.12.1845 Texas
95%
15.06.1836 Arkansas
89%
09.09.1850 Californie
89%
21.11.1789 Caroline du Nord
89%
23.05.1788 Caroline du Sud
89%
02.11.1889 Dakota du Nord
89%
02.11.1889 Dakota du Sud
89%
29.01.1861 Kansas
89%
02.01.1788 Géorgie
84%
03.07.1890 Idaho
84%
18.12.1787 New Jersey
84%
04.03.1791 Vermont
84%
25.06.1788 Virginie
84%
11.11.1889 Washington
84%
14.12.1819 Alabama
79%
03.12.1818 Illinois
79%
08.11.1889 Montana
79%
06.01.1912 Nouveau Mexique
79%
01.03.1803 Ohio
79%
12.12.1787 Pennsylvanie
79%
29.05.1790 Rhode Island
79%
10.07.1890 Wyoming
79%
01.08.1876 Colorado
74%
07.12.1787 Delaware
74%
11.12.1816 Indiana
74%
28.12.1846 Iowa
74%
15.03.1820 Maine
74%
26.01.1837 Michigan
74%
10.12.1817 Mississippi
74%
01.03.1867 Nebraska
74%
01.06.1796 Tennessee
74%
04.01.1896 Utah
74%
14.02.1912 Arizona
68%
09.01.1788 Connecticut
68%
01.06.1792 Kentucky
68%
06.02.1788 Massachusetts
68%
14.02.1859 Oregon
68%
20.06.1863 Virginie occidentale
68%
10.08.1821 Missouri
63%
31.10.1864 Nevada
63%
16.11.1907 Oklahoma
63%
29.05.1848 Wisconsin
63%
03.03.1845 Floride
58%
28.04.1788 Maryland
58%
21.06.1788 New Hampshire
58%
11.05.1858 Minnesota
47%
Aucun quiz correspondant
Distribution des résultats
% des personnes avec chaque résultat
Percentile par nombre de réponses
Votre historique - résultats
Vous n’avez pas pris ce quiz